000 00219nam a2200085Ia 4500
245 0 _aKuyantwela emzansi
100 _a KHANYILE, Ivy T. Cape Town, 2003
942 _cBK
008 210817s9999 xx 000 0 und d
999 _c294888
_d294887